Подробности
| 000 -МАРКЕР |
| контрольное поле |
01419nam2a2200265 4500 |
| 001 - ИДЕНТИФИКАТОР ЗАПИСИ |
| контрольное поле |
RU\NLR\BIBL_A\010901498 |
| 005 - ИДЕНТИФИКАТОР ВЕРСИИ |
| контрольное поле |
20250624200353.0 |
| 010 ## - МЕЖДУНАРОДНЫЙ СТАНДАРТНЫЙ НОМЕР КНИГИ (ISBN) |
| Номер (ISBN) |
978-5-88070-331-9 |
| 035 ## - ДРУГИЕ СИСТЕМНЫЕ НОМЕРА |
| Идентификатор записи |
(NLR Aleph) 010901498 |
| 100 ## - ДАННЫЕ ОБЩЕЙ ОБРАБОТКИ |
| Данные общей обработки |
20151117d2013 |||y0rusy50 ca |
| 101 0# - ЯЗЫК РЕСУРСА |
| Язык текста, звукозаписи и т.д. |
русский |
| 102 ## - СТРАНА ПУБЛИКАЦИИ ИЛИ ПРОИЗВОДСТВА |
| Страна публикации |
российская федерация |
| 105 ## - ПОЛЕ КОДИРОВАННЫХ ДАННЫХ: ТЕКСТОВЫЕ МАТЕРИАЛЫ, МОНОГРАФИЧЕСКИЕ |
| Кодированные данные о монографическом текстовом документе |
a z 000yy |
| 200 1# - ЗАГЛАВИЕ И СВЕДЕНИЯ ОБ ОТВЕТСТВЕННОСТИ |
| Основное заглавие |
Нелинейная многомерная обработка сигналов спутниковых радионавигационных систем в комплексах самолетовождения |
| Первые сведения об ответственности |
А.В. Иванов |
| 215 ## - ФИЗИЧЕСКАЯ ХАРАКТЕРИСТИКА |
| Специфическое обозначение материала и объем |
175 с. |
| Другие сведения о физической характеристике |
ил. |
| 327 1# - ПРИМЕЧАНИЯ О СОДЕРЖАНИИ |
| Текст примечания |
Библиогр.: с. 171-173 |
| 461 #0 - УРОВЕНЬ НАБОРА |
| Встроенное поле |
001RU\NLR\BIBL_A\010981083 |
| -- |
2001#$aОбработка многомерных сигналов$e[в 2 кн.]$vКн. 2 |
| Системный номер (АБИС) связанной записи |
10872687 |
| Место публикации |
Москва |
| Дата публикации |
2013 |
| Имя издателя, распространителя и т.д. |
Радиотехника |
| Сведения, относящиеся к заглавию |
[в 2 кн.] |
| Заглавие |
Обработка многомерных сигналов |
| Номер тома |
Кн. 2 |
| 606 1# - НАИМЕНОВАНИЕ ТЕМЫ КАК ПРЕДМЕТ |
| Наименование темы |
Аэрорадионавигационные системы спутниковые |
| Тематический подзаголовок |
Обработка сигналов |
| Системный номер авторитетной/нормативной записи |
2270530 |
| Идентификатор авторитетной/нормативной записи |
RU\NLR\AUTH\6601589957 |
| 686 1# - ИНДЕКСЫ ДРУГИХ КЛАССИФИКАЦИЙ |
| Индекс |
О571.5-53 |
| 701 #1 - ИМЯ ЛИЦА - АЛЬТЕРНАТИВНАЯ ОТВЕТСТВЕННОСТЬ |
| Графика поля |
Кириллица |
| Материалы, к которым относится поле |
rus |
| Начальный элемент ввода |
Иванов |
| Часть имени, кроме начального элемента ввода |
А. В. |
| Дополнения к именам, кроме дат |
д-р техн. наук, радиотехника |
| Расширение инициалов личного имени |
Александр Васильевич |
| Системный номер авторитетной/нормативной записи |
154560 |
| Идентификатор авторитетной/нормативной записи |
RU\NLR\AUTH\770154598 |
| 942 ## - ДОПОЛНИТЕЛЬНЫЕ ЭЛЕМЕНТЫ ЗАПИСИ (АБИС) |
| Тип экземпляра АБИС |
Книга |
| 980 ## - КОЛЛЕКЦИЯ |
| Название коллекции |
Национальная библиография |